Statistics for Türkiye'nin 15 Büyük Gölü

Click here to take the quiz!

General Stats

  • This quiz has been taken 282 times
  • The average score is 5 of 15

Answer Stats

YüzölçümüİlGöl% Correct
3713 km²Van-BitlisVan Gölü
98%
1300 km²Konya-Aksaray-AnkaraTuz Gölü
90%
656 km²Konya-IspartaBeyşehir Gölü
44%
483 km²IspartaEğirdir Gölü
43%
308 km²Bursaİznik Gölü
30%
817 km²Adıyaman-ŞanlıurfaAtatürk Baraj Gölü
29%
675 km²Elazığ-Tunceli-ErzincanKeban Baraj Gölü
29%
166 km²BalıkesirManyas Gölü
24%
200 km²Burdur-IspartaBurdur Gölü
23%
353 km²KonyaAkşehir Gölü
21%
134 km²BursaUlubat Gölü
17%
153 km²Afyonkarahisar-DenizliAcıgöl
14%
150 km²AfyonkarahisarEber Gölü
13%
263 km²Ankara-KırşehirHirfanlı Baraj Gölü
10%
298 km²Malatya-Elazığ-DiyarbakırKarakaya Baraj Gölü
10%

Score Distribution

Percentile by Number Answered

Percent of People with Each Score

Your Score History

You have not taken this quiz